| 000 | 00602nam a2200193 4500 | ||
|---|---|---|---|
| 999 |
_c171157 _d171157 |
||
| 005 | 20220303122906.0 | ||
| 010 | _aENG-127287 | ||
| 020 |
_a9789386519252 _c250.00 |
||
| 035 | _aEN-110819 | ||
| 037 | _bDBAD/PUB | ||
| 082 | _a635 | ||
| 100 | _akumaresan,v | ||
| 245 |
_aHorticulture: _cV, kumaresan |
||
| 260 |
_aNew Delhi _bSaras Publishers _c2018 |
||
| 270 |
_a114/35GA.R.P Camp Road periavilai,Kottar P.O Nagercoil Kanyakumari Dist _bTamil Nadu _e629002 _minfo@saraspublication.com |
||
| 300 |
_axvi,486p. _c23cm(hbk) |
||
| 500 | _ainclude index | ||
| 942 |
_2ddc _cEN _h000 _mKUM |
||